Education of teachers in India. (Record no. 79634)

MARC details
000 -LEADER
fixed length control field 00613cam a22002171 4500
001 - CONTROL NUMBER
control field sa 68003637
003 - CONTROL NUMBER IDENTIFIER
control field DLC
005 - DATE AND TIME OF LATEST TRANSACTION
control field 20260227112454.0
008 - FIXED-LENGTH DATA ELEMENTS--GENERAL INFORMATION
fixed length control field 710903m19689999ii a b 00010 eng
010 ## - LIBRARY OF CONGRESS CONTROL NUMBER
LC control number sa 68003637 //r87
043 ## - GEOGRAPHIC AREA CODE
Geographic area code a-ii---
050 0# - LIBRARY OF CONGRESS CALL NUMBER
Classification number LB1727.I5
Item number M8
082 ## - DEWEY DECIMAL CLASSIFICATION NUMBER
Classification number 370/.71
100 10 - MAIN ENTRY--PERSONAL NAME
Personal name Mukerji, Shridhar Nath,
Dates associated with a name 1909-
Relator term comp.
245 10 - TITLE STATEMENT
Title Education of teachers in India.
Statement of responsibility, etc. Edited by S. N. Mukerji.
260 0# - PUBLICATION, DISTRIBUTION, ETC.
Place of publication, distribution, etc. Delhi,
Name of publisher, distributor, etc. S. Chad,
Date of publication, distribution, etc. 1968-
300 ## - PHYSICAL DESCRIPTION
Extent v.
Other physical details illus.
Dimensions 23 cm.
350 ## - PRICE (NR) (BK AM CF MU VM SE) [OBSOLETE]
Price Rs25 (v. 1)
504 ## - BIBLIOGRAPHY, ETC. NOTE
Bibliography, etc. note Bibliographical footnotes.
650 #0 - SUBJECT ADDED ENTRY--TOPICAL TERM
Topical term or geographic name entry element Teachers
General subdivision Training of
Geographic subdivision India.

No items available.

Powered by Koha